000
00348nam a2200157Ia 4500
100
_a
Ramamurti/V
650
_a
Machine Design
942
_c
BK
366
_f
20
245
_a
Finite element method in Machine Design
260
_b
Narosa Publication House
_c
2009
082
_a
620.0015
_b
RAM
300
_a
178
546
_a
ENGLISH
999
_c
28731
_d
28731